ბათუმის შოთა რუსთაველის სახელმწიფო უნივერსიტეტის ბიბლიოთეკა

დიმიტრი ხოზრევანიძე-სახელგანთქმული მამულიშვილი ,,ხიხანის საარწივოდან" 100 (ბიბ.ჩანაწერი № 42522)

000 -LEADER
fixed length control field 01095nam a2200229Ia 4500
001 - CONTROL NUMBER
control field 9219
003 - CONTROL NUMBER IDENTIFIER
control field GE_BSU
008 - FIXED-LENGTH DATA ELEMENTS--GENERAL INFORMATION
fixed length control field 181216s||||||||xx |||||||||||||| ||und||
020 ## - INTERNATIONAL STANDARD BOOK NUMBER
International Standard Book Number 9789941434716
040 ## - CATALOGING SOURCE
Transcribing agency GE_BSU
080 ## - UNIVERSAL DECIMAL CLASSIFICATION NUMBER
Universal Decimal Classification number 37.01(479.22)(092)ხოზრევანიძე
245 ## - TITLE STATEMENT
Title დიმიტრი ხოზრევანიძე-სახელგანთქმული მამულიშვილი ,,ხიხანის საარწივოდან" 100
245 ## - TITLE STATEMENT
Remainder of title კრებული
245 ## - TITLE STATEMENT
Statement of responsibility, etc. მხატვრულ-ლიტერატურული რედ:სერგო დუმბაძე;ნოდარ ბასაილაძე.
260 ## - PUBLICATION, DISTRIBUTION, ETC.
Place of publication, distribution, etc. ბათუმი.
260 ## - PUBLICATION, DISTRIBUTION, ETC.
Name of publisher, distributor, etc. ბსუ
260 ## - PUBLICATION, DISTRIBUTION, ETC.
Date of publication, distribution, etc. 2014
300 ## - PHYSICAL DESCRIPTION
Extent 100გვ;1ფ.პორტრ;20სმ.
653 ## - INDEX TERM--UNCONTROLLED
Uncontrolled term დიმიტრი ხოზრევანიძე-სახელგანთქმული მამულიშვილი ,,ხიხანის საარწივოდან" 100
653 ## - INDEX TERM--UNCONTROLLED
Uncontrolled term კრებული
942 ## - ADDED ENTRY ELEMENTS (KOHA)
Koha item type წიგნი
ეგზემპლარები
Withdrawn status Lost status Damaged status Not for loan Date acquired Barcode Date last seen Price effective from Koha item type
        2018-12-17 32026 2018-12-17 2018-12-17 წიგნი
        2018-12-17 32027 2018-12-17 2018-12-17 წიგნი